000 02352nam a2200445 c 4500
999 _c17666
_d17666
003 BLK
005 20200311091603.0
008 180413b bul|||||r ||||||| ||bul||
010 _aKNG00019641000
020 _a954-568-037-7
040 _aBLK
041 _aBUL
_cBUL
080 _aМетоди на управление. Мениджмънт. Анализи, планиране, ръководство, сътрудничество, контрол, коопериране и др.
_b005.5
_x(075.8)
_z005.5(075.8)
080 _aФорми на предприятията в зависимост от отношението към собствеността...
_b334.72
_x.008(075.8)
_z334.72.008(075.8)
080 _aФинанси на стопанските организации (вкл. финансиране и управление на финансите). Финанси на стопанския сектор
_b336.6
_x(075.8)
_z336.6(075.8)
080 _aПари. Банково дело. Борса. Валутен борд. Вж и 347.73 ; 368
_b336.7
_x(075.8)
_z336.7(075.8)
100 1 _aДанаилов, Данаил Лазаров
_eпърви автор
_9250751
139 _aДанаилов, Данаил Лазаров
_bД 17
245 1 0 _aФинансов мениджмънт в бизнеса (фирмен, банков)
_bУчебник за студентите от УНСС - София
_cДанаил Лазаров Данаилов.
250 _a2. доп. и прераб. изд.
257 _aBGR
260 _bЛюрен
_c1996
300 _a304 с.
_bсъс сх., табл.
_c20 см
380 _a0
500 _a1 000 тир.
650 4 _aФирми - финанси - управление
_9249961
650 4 _aУправление - финансова дейност - фирми
_9244592
650 4 _aБизнес - учебници за ВУЗ
_9252648
650 4 _aБанково дело - учебници за ВУЗ
_9252649
653 _aмениджмънт
653 _aуправление
653 _aбанки
653 _aфирми
653 _aучебници за ВУЗ
852 _aЦб 194144
856 4 _qpdf
_u
856 4 _qpdf
_u
942 _cKNG
_n0
_s1
944 _aCR
_c10.04.2003
_kЛюдмила_Стоянова
944 _aED
_c28.09.2016
_kКети_Илиева
999 _d17666